000 00271nam a22001097a 4500
999 _c4599
_d4599
008 250304b ||||| |||| 00| 0 eng d
020 _a9780753405086
082 _a591.39 WOO
100 _aWOOD,JENNY
_eAUTHOR
245 _aI WONDER WHY
_bKANGAROOS HAVE POUCHES
942 _2ddc